[Event "Internet Section 06B g/8'+2\""]
[Site "Dos Hermanas"]
[Date "2004.03.06"]
[Round "3"]
[White "Salles, Leandro Luiz Krause"]
[Black "Stavos, Karl"]
[Result "0-1"]
[WhiteElo "1918"]
[BlackElo "1692"]
[PlyCount "114"]
[EventDate "2004.03.06"]
[EventType "swiss (blitz)"]
[EventRounds "9"]
[EventCountry "ESP"]
[SourceTitle "CBM 099 Extra"]
[Source "ChessBase"]
[SourceDate "2004.05.04"]
[SourceVersion "1"]
[SourceVersionDate "2004.05.04"]
[SourceQuality "1"]

1. e4 c5 2. c3 Nc6 3. d4 cxd4 4. cxd4 d6 5. Nf3 g6 6. Be2 Bg7 7. 0-0 e6 8. Be3 Nge7 9. Nc3 a6 10. a3 0-0 11. b4 b5 12. Rc1 Bb7 13. Qb3 Rc8 14. a4 bxa4 15. Nxa4 d5 16. e5 Nf5 17. Nc5 Nxe3 18. fxe3 Rb8 19. Nxb7 Rxb7 20. Rxc6 a5 21. b5 Bh6 22. Kh1 Qd7 23. Rfc1 Ra8 24. b6 a4 25. Qa3 Rab8 26. Rc7 Qe8 27. Ba6 Bf8 28. Qd3 Rxb6 29. Rc8 Rxc8 30. Rxc8 Qe7 31. Bb5 Qb7 32. Rxf8+ Kxf8 33. Bxa4 Rb1+ 34. Ng1 Qb4 35. Bc2 Rc1 36. Bd1 Kg7 37. h3 Qe1 38. Qe2 Rxd1 39. Qxe1 Rxe1 40. Kh2 Rxe3 41. Nf3 f6 42. exf6+ Kxf6 43. Kg3 Kf5 44. Kf2 Rxf3+ 45. Kxf3 e5 46. dxe5 Kxe5 47. Ke3 h5 48. g3 g5 49. Kd3 d4 50. Kd2 Ke4 51. Ke2 d3+ 52. Kf2 h4 53. gxh4 gxh4 54. Kf1 Kf3 55. Ke1 Ke3 56. Kd1 d2 57. Kc2 Ke2 0-1

[Event "Internet Section 06B g/8'+2\""]
[Site "Dos Hermanas"]
[Date "2004.03.06"]
[Round "2"]
[White "Stavos, Karl"]
[Black "Karvinen, Kimmo"]
[Result "1/2-1/2"]
[WhiteElo "1672"]
[BlackElo "2159"]
[PlyCount "148"]
[EventDate "2004.03.06"]
[EventType "swiss (blitz)"]
[EventRounds "9"]
[EventCountry "ESP"]
[SourceTitle "CBM 099 Extra"]
[Source "ChessBase"]
[SourceDate "2004.05.04"]
[SourceVersion "1"]
[SourceVersionDate "2004.05.04"]
[SourceQuality "1"]

1. d4 g6 2. c4 Bg7 3. Nc3 c5 4. d5 Bxc3+ 5. bxc3 f5 6. g3 d6 7. Nf3 Qa5 8. Qc2 Nd7 9. Bg2 Nb6 10. Nd2 Nf6 11. 0-0 Bd7 12. Rb1 0-0-0 13. Qd3 Ng4 14. Nf3 Qxa2 15. Bg5 Rde8 16. Ra1 Qxc4 17. Qxc4 Nxc4 18. Rxa7 Bb5 19. h3 Nf6 20. Rb1 Ba6 21. Ra8+ Kd7 22. Rxe8 Rxe8 23. Bxf6 exf6 24. e3 h5 25. h4 Ne5 26. Nd2 Kc7 27. Nb3 g5 28. Na5 gxh4 29. gxh4 Rg8 30. Kh2 Rg4 31. Kh3 Ra4 32. Nb3 b5 33. Bf1 Rg4 34. Nd2 Bc8 35. Be2 Rg7 36. Rxb5 f4+ 37. Kh2 fxe3 38. fxe3 Ba6 39. Ra5 Bb7 40. Ra7 Kb6 41. Ra1 Bxd5 42. e4 Be6 43. Bxh5 Bg4 44. Bxg4 Rxg4 45. Kh3 Rg8 46. Rb1+ Kc6 47. Rf1 Rg6 48. Rf5 d5 49. h5 Rh6 50. Kh4 d4 51. cxd4 cxd4 52. Nb3 d3 53. Nd4+ Kc5 54. Nf3 Kc4 55. Nxe5+ fxe5 56. Rxe5 Kd4 57. Rd5+ Kxe4 58. Rd7 Ra6 59. Kg5 Ra5+ 60. Kg6 Rd5 61. Rxd5 Kxd5 62. h6 d2 63. h7 d1Q 64. h8Q Qc2+ 65. Kg7 Qc7+ 66. Kh6 Qh2+ 67. Kg7 Qe5+ 68. Kg8 Qe8+ 69. Kh7 Qf7+ 70. Qg7 Qf5+ 71. Kg8 Ke6 72. Qh6+ Ke7 73. Qh7+ Ke6 74. Qxf5+ Kxf5 1/2-1/2